| 000 | 00645nam a22002052 4500 | ||
|---|---|---|---|
| 001 | 0000019471 | ||
| 005 | 20151021151134.0 | ||
| 008 | 101207s xx 000 0 eng d | ||
| 020 | _a0273713197 : | ||
| 040 |
_aKABU _cKABU |
||
| 100 | 1 |
_aEgan, John. _@0000179188 |
|
| 245 | 1 | 0 |
_aRelationship marketing : _bexploring relational strategies in marketing / _cJohn Egan. |
| 250 | _a3rd ed. | ||
| 260 |
_aHarlow, England : _bPrentice Hall, _c2008. |
||
| 300 | _axxi, 311 p. | ||
| 650 | 0 |
_aRelationship marketing. _@0000179189 |
|
| 852 | 1 | _9p4940 KES | |
| 908 | _a101207 | ||
| 950 | _@1 | ||
| 999 |
_c1097 _d1097 |
||